| 000 | 00560nam a2200145 a 4500 | ||
|---|---|---|---|
| 001 | 000031542 | ||
| 005 | 20200930063013.0 | ||
| 008 | 110627s2009 dr 000 0 spa d | ||
| 040 |
_aDO-SdBNP _bspa _cBNPHU |
||
| 110 | 1 |
_aRepública Dominicana _bDirección General de Impuestos Internos _956165 |
|
| 245 | 1 | 0 |
_aPreguntas frecuentes : _bley No. 179-09 sobre educación de gastos de educación para impuesto sobre la renta de persona físicas. |
| 260 |
_aSanto Domingo : _bDepartamento de Educación Tributaria, _c2009. |
||
| 300 |
_a7 p. ; _c28 cm. |
||
| 049 | _aBNPD | ||
| 999 |
_c31034 _d31034 |
||